| Tag |
First Indicator |
Second Indicator |
Subfields |
| LEADER |
00000cgm a2200000Ia 4500 |
| 001 |
in00002537821 |
| 005 |
20151201090405.0 |
| 006 |
m c |
| 007 |
co cga|||||||| |
| 008 |
060711s2005 cau162 s vceng d |
| 020 |
|
|
|a 1597629235
|
| 020 |
|
|
|a 9781597629232
|
| 035 |
|
|
|a (OCoLC)ocm70280034
|
| 035 |
|
|
|a (OCoLC)ocm70280034
|
| 035 |
|
|
|a (OCoLC)70280034
|
| 040 |
|
|
|a A$D
|c A$D
|d YDXCP
|d BTCTA
|d TXA
|d UtOrBLW
|
| 049 |
|
|
|a TXAM
|
| 090 |
|
|
|a TR897.7
|b .J664 2005
|
| 100 |
1 |
|
|a Jones, Tim.
|
| 245 |
1 |
0 |
|a Environment lighting for production :
|b 3ds max rendering techniques with Tim Jones /
|c [produced by] the Gnomon Workshop.
|
| 246 |
3 |
0 |
|a 3ds max rendering techniques with Tim Jones
|
| 264 |
|
1 |
|a Hollywood, Calif. :
|b Gnomon Workshop,
|c [2005]
|
| 300 |
|
|
|a 1 DVD-ROM (162 min.) :
|b sound, color ;
|c 4 3/4 in.
|
| 336 |
|
|
|a two-dimensional moving image
|b tdi
|2 rdacontent
|
| 337 |
|
|
|a computer
|b c
|2 rdamedia
|
| 338 |
|
|
|a computer disc
|b cd
|2 rdacarrier
|
| 490 |
0 |
|
|a The Gnomon workshop
|
| 490 |
1 |
|
|a Professional training for artists
|
| 538 |
|
|
|a System requirements: 1 GHz or faster processor; 512 MB or greater RAM; 64 MB or greater video RAM; 5 GB or greater hard disk space; Windows XP Professional or 2000 or Apple Mac OS x 10.2 (minimum); 1280 x 1024 or greater display; DVD-ROM drive.
|
| 500 |
|
|
|a Disc does not work in DVD players.
|
| 500 |
|
|
|a Title from container.
|
| 511 |
0 |
|
|a Instructor, Tim Jones.
|
| 505 |
0 |
|
|a Topics covered: Setting up light rig - Rendering passes - Compositing - Night-time lighting - Sunset lighting.
|
| 500 |
|
|
|a Includes lecture notes, sample files, and resources.
|
| 500 |
|
|
|a Electronic resource.
|
| 630 |
0 |
0 |
|a 3ds max (Computer file)
|
| 650 |
|
0 |
|a Computer drawing
|x Technique.
|
| 650 |
|
0 |
|a Computer drawing
|x Special effects.
|
| 650 |
|
0 |
|a Computer animation.
|
| 650 |
|
0 |
|a Three-dimensional display systems.
|
| 650 |
|
0 |
|a Computer graphics.
|
| 655 |
|
7 |
|a Instructional films.
|2 lcgft
|
| 710 |
2 |
|
|a Gnomon Workshop (Firm)
|
| 830 |
|
0 |
|a Professional training for artists.
|
| 938 |
|
|
|a YBP Library Services
|b YANK
|n 2784542
|
| 938 |
|
|
|a Baker and Taylor
|b BTCP
|n BEDDGNOMTJO02
|
| 948 |
|
|
|a cataloged
|b h
|c 2010/2/25
|d c
|e agaffey
|f 3:01:34 pm
|
| 994 |
|
|
|a C0
|b TXA
|
| 999 |
|
|
|a MARS
|
| 999 |
f |
f |
|s 8a7779c8-4c78-3c8d-a001-2447cf3b08af
|i c4c0df66-3ff3-393e-81a9-baff72bd18c5
|t 0
|
| 952 |
f |
f |
|p ric
|a Texas A&M University
|b Rellis Campus
|c Joint Library Facility
|d Remote Storage
|t 0
|e TR897.7 .J664 2005
|h Library of Congress classification
|i computer -- computer disc
|m A14838044158
|
| 998 |
f |
f |
|a TR897.7 .J664 2005
|t 0
|l Remote Storage
|